000 00708nam a2200241Ia 4500
003 OSt
005 20220918191800.0
006 a|||||r|||| 00| 0
007 ta
008 220917b |||||||| |||| 00| 0 eng d
024 _a64,999
037 _cTextual
040 _aARTS
_cARTS
_beng
041 _2eng
_aeng
082 _aQ4v1:N5, 498J9.1-.3 (Q4)
100 _aLokesh Chandra
_94446
245 0 _aMkhas-Pahi-Dgah-Ston of Dpah-bo-gtsug-lag (also know as Lho-brag-chos-bhyu)
260 _c1959
490 _aSata-Pitaka , ed by Raghu Vira; 9. Bhota-Pitaka; 4
650 _aRELIGION
942 _hQ4v1:N5, 498J9.1-.3 (Q4)
_cTEXL
_2CC
999 _c191337
_d191337